北京地铁14号线地铁站 - Statistics

General Stats
  • This quiz has been taken 14 times
  • The average score is 23 of 36
Answer Stats
Transfers Remarks Stations % Correct
1号线 大望路
100%
丽泽商务区
89%
4号线 北京南站
89%
10号线 17号线 十里河
89%
7号线 九龙山
89%
15号线 望京
89%
张郭庄
78%
9号线 七里庄
78%
10号线 西局
78%
8号线 永定门外
78%
5号线 蒲黄榆
78%
6号线 金台路
78%
朝阳公园
78%
将台
78%
望京南
78%
善各庄
78%
19号线 景风门
67%
暂缓开通 高家园
67%
来广营
67%
园博园
56%
大井
56%
菜户营
56%
西铁营
56%
暂缓开通 陶然桥
56%
景泰
56%
方庄
56%
东风北桥
56%
东管头
44%
北工大西门
44%
枣营
44%
大瓦窑
33%
郭庄子
33%
平乐园
33%
暂缓开通 红庙
33%
阜通
33%
东湖渠
33%
No matching quizzes found
Score Distribution
Percent of People with Each Score
Percentile by Number Answered
Your Score History
You have not taken this quiz